<?xml version="1.0" encoding="UTF-8"?>
<record
    xmlns:xsi="http://www.w3.org/2001/XMLSchema-instance"
    xsi:schemaLocation="http://www.loc.gov/MARC21/slim http://www.loc.gov/standards/marcxml/schema/MARC21slim.xsd"
    xmlns="http://www.loc.gov/MARC21/slim">

  <leader>01635nam a22002657a 4500</leader>
  <controlfield tag="003">UA-OsUOA</controlfield>
  <controlfield tag="001"> 136218 </controlfield>
  <controlfield tag="007">ta</controlfield>
  <controlfield tag="008">20190314b un ||||| |||| 00| 0 ukr d</controlfield>
  <datafield tag="090" ind1=" " ind2=" ">
    <subfield code="b">I-34</subfield>
  </datafield>
  <datafield tag="942" ind1=" " ind2=" ">
    <subfield code="c">MGN</subfield>
  </datafield>
  <datafield tag="040" ind1=" " ind2=" ">
    <subfield code="a">UA-OsUOA</subfield>
    <subfield code="b">eng</subfield>
    <subfield code="c">UA-OsUOA</subfield>
    <subfield code="d">UA-OsUOA</subfield>
  </datafield>
  <datafield tag="245" ind1=" " ind2=" ">
    <subfield code="a">ILIRIA International Review</subfield>
    <subfield code="b">ILIRIA INTERNATIONAL REVIEW carries original papers that aim to contribute to the advancement of the theoretical and practical aspect of social sciences and humanities.</subfield>
    <subfield code="c">Dr.Sc. Mixhait Reci, ILIRIA College, Kosovo</subfield>
  </datafield>
  <datafield tag="955" ind1=" " ind2=" ">
    <subfield code="a">1</subfield>
  </datafield>
  <datafield tag="041" ind1=" " ind2=" ">
    <subfield code="a">eng</subfield>
  </datafield>
  <datafield tag="022" ind1=" " ind2=" ">
    <subfield code="a">2365-8592</subfield>
  </datafield>
  <datafield tag="856" ind1="4" ind2="0">
    <subfield code="u">http://iliriapublications.org/index.php/iir/issue/view/18</subfield>
  </datafield>
  <datafield tag="520" ind1="3" ind2=" ">
    <subfield code="a">ILIRIA INTERNATIONAL REVIEW (IIR) is an international scientific journal registered in Deutsche National Bibliothek with Print ISSN (2192-7081) and Online ISSN (2365-8592). IIR is double-blind peer-reviewed and open access published semi- annually by</subfield>
  </datafield>
  <datafield tag="520" ind1="3" ind2=" ">
    <subfield code="a">ILIRIA College (Kosovo) in cooperation with Felix &#x2013; Verlag (Germany).IIR is devoted to publish research papers from the field of Social Sciences and Humanities. IIR aims to promote interdisciplinary studies and research and to explore the interse</subfield>
  </datafield>
  <datafield tag="520" ind1="3" ind2=" ">
    <subfield code="a">ction of policy, practice and research from the South East European Region.ILIRIA INTERNATIONAL REVIEW carries original papers that aim to contribute to the advancement of the theoretical and practical aspect of social sciences and humanities.T</subfield>
  </datafield>
  <datafield tag="520" ind1="3" ind2=" ">
    <subfield code="a">he journal is published in both print and online versions. The online version is accessed and downloaded for free.</subfield>
  </datafield>
  <datafield tag="260" ind1=" " ind2=" ">
    <subfield code="c">2017</subfield>
  </datafield>
  <datafield tag="246" ind1="3" ind2="1">
    <subfield code="a">1</subfield>
    <subfield code="n"></subfield>
  </datafield>
  <datafield tag="650" ind1=" " ind2="7">
    <subfield code="2">UDC</subfield>
  </datafield>
  <datafield tag="999" ind1=" " ind2=" ">
    <subfield code="c">419127</subfield>
    <subfield code="d">419127</subfield>
  </datafield>
</record>
